Basic medical laboratory techniques / (Record no. 845)

MARC details
000 -LEADER
fixed length control field 01085cam a2200337 a 4500
001 - CONTROL NUMBER
control field 969847
003 - CONTROL NUMBER IDENTIFIER
control field OSt
005 - DATE AND TIME OF LATEST TRANSACTION
control field 20150106161650.0
008 - FIXED-LENGTH DATA ELEMENTS--GENERAL INFORMATION
fixed length control field 850522s1986 nyua b 001 0 eng c
010 ## - LIBRARY OF CONGRESS CONTROL NUMBER
LC control number 85012885
020 ## - INTERNATIONAL STANDARD BOOK NUMBER
International Standard Book Number 0827325118 (pbk.)
020 ## - INTERNATIONAL STANDARD BOOK NUMBER
Canceled/invalid ISBN 0827325126 (instructor's guide)
040 ## - CATALOGING SOURCE
Original cataloging agency DNLM/DLC
Transcribing agency DLC
Modifying agency DLC
050 10 - LIBRARY OF CONGRESS CALL NUMBER
Classification number RB37
Item number .W25 1986
060 ## - NATIONAL LIBRARY OF MEDICINE CALL NUMBER
Classification number QY 25 W235b
082 00 - DEWEY DECIMAL CLASSIFICATION NUMBER
Classification number QY 25 W176 1986
Edition number 19
100 1# - MAIN ENTRY--PERSONAL NAME
Personal name Walters, Norma J.
9 (RLIN) 1508
245 10 - TITLE STATEMENT
Title Basic medical laboratory techniques /
Statement of responsibility, etc. Norma J. Walters, Barbara H. Estridge, Anna P. Reynolds.
260 ## - PUBLICATION, DISTRIBUTION, ETC. (IMPRINT)
Place of publication, distribution, etc. Albany, NY :
Name of publisher, distributor, etc. Delmar Publishers,
Date of publication, distribution, etc. c1986.
300 ## - PHYSICAL DESCRIPTION
Extent xx, 412 p. :
Other physical details ill. ;
Dimensions 23 cm.
500 ## - GENERAL NOTE
General note Includes index.
504 ## - BIBLIOGRAPHY, ETC. NOTE
Bibliography, etc Bibliography: p. 369-370.
650 #0 - SUBJECT ADDED ENTRY--TOPICAL TERM
Topical term or geographic name as entry element Diagnosis, Laboratory.
9 (RLIN) 904
650 #0 - SUBJECT ADDED ENTRY--TOPICAL TERM
Topical term or geographic name as entry element Medical laboratory technology.
9 (RLIN) 903
650 #2 - SUBJECT ADDED ENTRY--TOPICAL TERM
Topical term or geographic name as entry element Diagnosis, Laboratory.
9 (RLIN) 904
650 #2 - SUBJECT ADDED ENTRY--TOPICAL TERM
Topical term or geographic name as entry element Technology, Medical.
9 (RLIN) 905
700 1# - ADDED ENTRY--PERSONAL NAME
Personal name Estridge, Barbara H.
9 (RLIN) 1505
700 1# - ADDED ENTRY--PERSONAL NAME
Personal name Reynolds, Anna P.
9 (RLIN) 1507
906 ## - LOCAL DATA ELEMENT F, LDF (RLIN)
a 7
b cbc
c orignew
d 1
e ocip
f 19
g y-gencatlg
942 ## - ADDED ENTRY ELEMENTS (KOHA)
Source of classification or shelving scheme Other/Generic Classification Scheme
Koha item type Short Loan
Holdings
Withdrawn status Lost status Source of classification or shelving scheme Damaged status Not for loan Home library Current library Date acquired Source of acquisition Inventory number Total Checkouts Full call number Barcode Date last seen Price effective from Koha item type
    Other/Generic Classification Scheme     MUST Main Library MUST Main Library 06/01/2015   2000/14015   QY 25 W176 1986 2015-0013 06/01/2015 06/01/2015 Short Loan
    Other/Generic Classification Scheme     MUST Main Library MUST Main Library 06/01/2015   1997/11822   QY 25 W176 1986 2015-0023 06/01/2015 06/01/2015 Short Loan